Hóa học và đời sống = Chemistry in the community

Đã lưu trong:
書目詳細資料
主要作者: American chemical Society
格式: 圖書
語言:Undetermined
出版: Tp. HCM Trẻ 2002
主題:
標簽: 添加標簽
沒有標簽, 成為第一個標記此記錄!
Thư viện lưu trữ: Trung tâm Học liệu Trường Đại học Cần Thơ
LEADER 00555nam a2200181Ia 4500
001 CTU_47335
008 210402s9999 xx 000 0 und d
082 |a 612.015 
082 |b A512/T2 
100 |a American chemical Society 
245 0 |a Hóa học và đời sống 
245 0 |b = Chemistry in the community 
245 0 |c American chemical Society; Nguyễn Văn Sang dịch 
260 |a Tp. HCM 
260 |b Trẻ 
260 |c 2002 
650 |a biochemistry,human physiology 
980 |a Trung tâm Học liệu Trường Đại học Cần Thơ